000 00775nas a2200265 4500
001 BR0905935
003 BR-BrBNA
005 20231205113802.0
007 ta
008 230509b bl.|||p| |||| 00| 00por d
040 _aBR-BrBNA
_bpor
_cBiblioteca Nacional de Agricultura
041 _a(Pt)
072 _aF02
100 1 _aDamiani, C.R.
100 1 _aSchuch, M.W.
245 1 _aMultiplicação fotoautotrófica de mirtilo através do uso de luz natural
650 _aMIRTILO
650 _aMUDA
650 _aSACAROSE
650 _aMICROPROPAGAÇÃO
650 _aESTUFA
773 0 _tRevista Brasileira de Fruticultura (Brazil)
_xISSN 0100 2945
_g(Jun 2008), v. 30(2) p. 482-487
_wBR0905935
909 _a202311
_bLúcia
_c55
_dLúcia Elande
942 _2AGRIS
_n0
_cANA
999 _c205601
_d205601